[Event "Lille Luce op 6th"]
[Site "Lille"]
[Date "2015.05.08"]
[Round "6"]
[White "Stas, Arnould"]
[Black "Van Foreest, Jorden"]
[Result "0-1"]
[WhiteElo "1967"]
[BlackElo "2519"]
[PlyCount "58"]
[EventDate "2015.05.04"]
[EventType "swiss"]
[EventRounds "9"]
[EventCountry "FRA"]
[SourceTitle "EXT 2017"]
[Source "ChessBase"]
[SourceDate "2016.10.25"]
[SourceVersion "1"]
[SourceVersionDate "2016.10.25"]
[SourceQuality "1"]

1. e4 e5 2. Nf3 Nc6 3. Bb5 g6 4. c3 d6 5. 0-0 Bg7 6. Re1 Bd7 7. d4 Nf6 8. d5 Ne7 9. Bxd7+ Qxd7 10. c4 0-0 11. Nc3 h6 12. Bd2 Nh5 13. Rc1 f5 14. b4 Rf7 15. exf5 Nxf5 16. Ne4 Raf8 17. Be3 Nxe3 18. Rxe3 Nf4 19. c5 dxc5 20. bxc5 Nxd5 21. c6 bxc6 22. Nc5 Qg4 23. Re4 Nf4 24. Qf1 Qh5 25. Nd3 Nxd3 26. Qxd3 Rxf3 27. gxf3 Qg5+ 28. Rg4 Qxc1+ 29. Kg2 g5 0-1

[Event "Lille Luce op 6th"]
[Site "Lille"]
[Date "2015.05.05"]
[Round "2"]
[White "Stas, Arnould"]
[Black "Bele, Charles"]
[Result "1-0"]
[WhiteElo "1967"]
[BlackElo "1666"]
[PlyCount "79"]
[EventDate "2015.05.04"]
[EventType "swiss"]
[EventRounds "9"]
[EventCountry "FRA"]
[SourceTitle "EXT 2017"]
[Source "ChessBase"]
[SourceDate "2016.10.25"]
[SourceVersion "1"]
[SourceVersionDate "2016.10.25"]
[SourceQuality "1"]

1. e4 e6 2. d4 d5 3. Nc3 Nf6 4. e5 Nfd7 5. f4 c5 6. Nf3 Nc6 7. Be3 a6 8. Qd2 b5 9. dxc5 Bxc5 10. 0-0-0 Qb6 11. Nd4 Nxd4 12. Bxd4 0-0 13. h4 Bxd4 14. Qxd4 Qxd4 15. Rxd4 f6 16. exf6 Nxf6 17. g3 Bd7 18. Bg2 Ra7 19. Re1 Kf7 20. Rd2 g6 21. Ne2 Re8 22. Nd4 Bc8 23. Nf3 Rae7 24. Ne5+ Kf8 25. Bf3 Nd7 26. Rh2 Nxe5 27. Rxe5 Kg7 28. Be2 Rf8 29. Bd3 h5 30. Kd2 Bb7 31. Ke3 Kf6 32. Kd4 Rc8 33. Rg5 Rg7 34. Re2 Rcc7 35. Rg2 Bc8 36. g4 hxg4 37. R2xg4 Ke7 38. Rxg6 e5+ 39. fxe5 Rxg6 40. Rxg6 1-0

[Event "Lille Luce op 6th"]
[Site "Lille"]
[Date "2015.??.??"]
[Round "9.35"]
[White "Hauseux, Paul"]
[Black "Stas, Arnould"]
[Result "1/2-1/2"]
[WhiteElo "1841"]
[BlackElo "1967"]
[PlyCount "82"]
[EventDate "2015.05.04"]
[EventType "swiss"]
[EventRounds "9"]
[EventCountry "FRA"]
[SourceTitle "EXT 2017"]
[Source "ChessBase"]
[SourceDate "2016.10.25"]
[SourceVersion "1"]
[SourceVersionDate "2016.10.25"]
[SourceQuality "1"]

1. e4 c5 2. Nf3 d6 3. d4 cxd4 4. Nxd4 Nf6 5. Nc3 g6 6. f3 Bg7 7. Be3 Nc6 8. Bc4 0-0 9. Nxc6 bxc6 10. 0-0 Bb7 11. Bb3 d5 12. e5 Nd7 13. f4 e6 14. Na4 Qe7 15. Rc1 c5 16. c3 Rac8 17. Qe2 Rc7 18. Bc2 Rfc8 19. Bf2 Nf8 20. Bd3 g5 21. f5 exf5 22. Bxf5 Bxe5 23. Rce1 Re8 24. Qb5 Bc6 25. Qa5 Qd6 26. h3 d4 27. cxd4 cxd4 28. Nc5 Bh2+ 29. Kh1 Rxe1 30. Rxe1 Bxg2+ 31. Kxg2 Rxc5 32. Qxa7 Rxf5 33. Qxd4 Qxd4 34. Bxd4 Rd5 35. Bc3 Bd6 36. Re8 Rd3 37. Rd8 Rg3+ 38. Kf2 Bc7 39. Rc8 Bd6 40. Rd8 Bc7 41. Rc8 Bd6 1/2-1/2

[Event "Lille Luce op 5th"]
[Site "Lille"]
[Date "2014.05.03"]
[Round "8"]
[White "Andriamandimbisoa, Mathieu"]
[Black "Stas, Arnould"]
[Result "0-1"]
[WhiteElo "1697"]
[BlackElo "1995"]
[PlyCount "96"]
[EventDate "2014.04.28"]
[EventType "swiss"]
[EventRounds "9"]
[EventCountry "FRA"]
[SourceTitle "CBM 160 Extra"]
[Source "ChessBase"]
[SourceDate "2014.07.01"]
[SourceVersion "1"]
[SourceVersionDate "2014.07.01"]
[SourceQuality "1"]

1. d4 Nf6 2. Nf3 g6 3. c4 Bg7 4. g3 0-0 5. Bg2 d6 6. 0-0 Nbd7 7. Nc3 e5 8. e4 exd4 9. Nxd4 Re8 10. h3 Nc5 11. Re1 Ne6 12. Be3 Nxd4 13. Bxd4 Be6 14. Qb3 Qd7 15. Kh2 Ng4+ 16. hxg4 Bxd4 17. f3 Be5 18. Nd5 c6 19. Nf4 Qe7 20. Nxe6 Qh4+ 21. Kg1 Bxg3 22. Re2 fxe6 23. Qxb7 Rf8 24. Qb3 Bh2+ 25. Kf1 Qxg4 26. Ke1 Qh4+ 27. Kd1 Rab8 28. Qa4 Be5 29. Qxc6 Qg3 30. Qd7 Rxb2 31. Qxe6+ Kh8 32. Qe7 Rg8 33. Rxb2 Bxb2 34. Rc1 Qxg2 35. Rc2 Qxf3+ 36. Kd2 Be5 37. Qxa7 Qxe4 38. Qg1 Qd4+ 39. Qxd4 Bxd4 40. Kd3 Bc5 41. a4 Ra8 42. Ra2 Kg7 43. Ke4 h5 44. Kf3 Kh6 45. Kg3 Ra5 46. Kh3 Bb4 47. Kg2 Rc5 48. Rc2 d5 0-1